Poland For Beginners - Statistics

General Stats
  • This quiz has been taken 17 times
  • The average score is 30 of 63
Answer Stats
English Approximation Polish Name % Correct
Shed Chin Szczecin
93%
Good Dance-K Gdańsk
86%
Star Guard Stargard
79%
War Saw Warsaw
79%
Kosher Lynn Koszalin
71%
Soap Pot Sopot
71%
Be A List-Talk Białystok
64%
Chest Jehovah Częstochowa
64%
Hell Hel
64%
Crack Cow Kraków
64%
Wodge Łódź
64%
Lube Lynn Lublin
64%
π Wow Piła
64%
Pose Nun Poznań
64%
Red Dome Radom
64%
Swoop Ask Słupsk
64%
Sue Vow Key Suwałki
64%
Elle Blog Elbląg
57%
Leg Nit Tsar Legnica
57%
Oldish Tin Olsztyn
57%
Rib Nick Rybnik
57%
Toe Roone Toruń
57%
Bee Else Cob Bee Allah Bielsko-Biala
50%
Bid Gosh Bydgoszcz
50%
Helm Chełm
50%
Callus Kalisz
50%
Cat of Wits Katowice
50%
Connie N Konin
50%
Loo Bin Lubin
50%
Premisal Przemyśl
50%
Rikki Ryki
50%
To Chew Tczew
50%
Tour Wreck Turek
50%
Wrote Suave Wrocław
50%
Z Amish Zamość
50%
Gel on Agora Zielona Góra
50%
Ben Gin Będzin
43%
Groove John's Grudziądz
43%
Yelling Agora Jelenia Góra
43%
Cross Snow Krosno
43%
Coot Know Kutno
43%
Less-Known Leszno
43%
Womb Shah Łomża
43%
Appallin' Opole
43%
Astral Wanker Ostrołęka
43%
Josh Show Rzeszów
43%
What's With Ache? Włocławek
43%
Sucker Panel Zakopane
43%
Go, Jew! Veal Cope All Ski Gorzów Wielkopolski
36%
Novice Inch Nowy Sącz
36%
Vow Brick Wałbrzych
36%
Whore Jew Chorzów
29%
Celts Kielce
29%
Cher Ads Sieradz
29%
Scar Juice Coke Amy Anna Skarżysko-Kamienna
29%
Tar Knob Jack Tarnobrzeg
29%
Ooze Tricky Dull Nay Ustrzyki Dolne
29%
G-Vets Żywiec
29%
Be a Poodle, Ask Her! Biała Podlaska
21%
Medical Medyka
21%
Wants it? Łańcut
7%
Check'n'Owe Ciechanow
0%
Whatever! Włodawa
0%
No matching quizzes found
Score Distribution
Percent of People with Each Score
Percentile by Number Answered
Your Score History
You have not taken this quiz